00686nam a2200241 a 4500001001300000003000900013005001700022008004100039020001000080082001600090100002400106245005100130260003700181300000900218500003500227505001000262650002300272700002400295902000800319942000700327952009500334999001500429nice12345678IN_TiNIC20260116011501.0050524s1946 laha grp 000 0 eng  ac10000a181.07bHAM aHamid, Khwaja Abdul aIbn Maskawaihb Study of His Al-Fauz Al-Asghar aLahorebShaikh Mohd Ashrafc1946 a130p aincludes index and biblioraphy2 aIndex aPhilosophy-Islamic1 aHamid, Khwaja Abdul bSRS cBK 00104070aHMIbHMId2007-07-31g100.00l0o181.07 HAMp1639r2007-07-31w2026-01-16yEB c1938d1938